| Tag |
First Indicator |
Second Indicator |
Subfields |
| LEADER |
00000cam a2200000Ma 4500 |
| 001 |
in00002010583 |
| 005 |
20151031144929.0 |
| 008 |
040109s2003 nz a b 000 0 eng d |
| 020 |
|
|
|c $6.80 (pbk.)
|
| 035 |
|
|
|a (OCoLC)ocm55632518
|
| 040 |
|
|
|a UBY
|c UBY
|d TXA
|d UtOrBLW
|
| 043 |
|
|
|a pofp---
|
| 049 |
|
|
|a TXAM
|
| 082 |
0 |
4 |
|a 595.387
|2 22
|
| 090 |
|
|
|a QL351
|b .Z75 no.386
|
| 100 |
1 |
|
|a Lemaitre, Rafael.
|
| 245 |
1 |
2 |
|a A strikingly coloured new species of Paragiopagurus Lemaitre, 1996 (Crustacea:Decapoda:Anomura:Parapaguridae) from French Polynesia /
|c Rafael Lemaitre & Joseph Poupin.
|
| 246 |
1 |
7 |
|a New Paragiopagurus
|
| 264 |
|
1 |
|a Auckland, N.Z. :
|b Magnolia Press,
|c 2003.
|
| 300 |
|
|
|a 11 pages :
|b illustrations (some color) ;
|c 30 cm.
|
| 336 |
|
|
|a text
|b txt
|2 rdacontent
|
| 337 |
|
|
|a unmediated
|b n
|2 rdamedia
|
| 338 |
|
|
|a volume
|b nc
|2 rdacarrier
|
| 490 |
1 |
|
|a Zootaxa,
|x 1175-5326 ;
|v 386
|
| 500 |
|
|
|a Cover title.
|
| 504 |
|
|
|a Includes bibliographical references (page 11).
|
| 530 |
|
|
|a Also available in an electronic ed.
|
| 650 |
|
0 |
|a Hermit crabs
|z French Polynesia
|z Austral Islands
|v Classification.
|
| 650 |
|
0 |
|a Hermit crabs
|z French Polynesia
|z Austral Islands
|v Identification.
|
| 700 |
1 |
|
|a Poupin, J.
|
| 830 |
|
0 |
|a Zootaxa ;
|v 386.
|
| 856 |
4 |
1 |
|u http://www.mapress.com/zootaxa/2003f/zt00386.pdf
|t 0
|
| 994 |
|
|
|a C0
|b TXA
|
| 948 |
|
|
|a cataloged
|b h
|c 2004/12/2
|d c
|e blrosas
|f 2:26:47 pm
|
| 999 |
|
|
|a MARS
|
| 999 |
f |
f |
|s f2e1045a-ebbb-34c2-a2f0-872a25d40ab9
|i d26ed766-b3a3-34da-94fc-4153ad809eb4
|t 0
|
| 952 |
f |
f |
|p ric
|a Texas A&M University
|b Rellis Campus
|c Joint Library Facility
|d Remote Storage
|t 0
|e QL351 .Z75 no.386
|h Library of Congress classification
|i unmediated -- volume
|m A14831662329
|
| 998 |
f |
f |
|a QL351 .Z75 no.386
|t 0
|l Remote Storage
|